| 000 | 00389nam a22001337a 4500 | ||
|---|---|---|---|
| 020 | _qPB. | ||
| 040 | _cFIZZA ISHAQ | ||
| 082 |
_a510 _bGOL |
||
| 100 |
_aGoldstein , Larry J. _9101542 |
||
| 245 |
_aFinite Mathematics & Its Applications Math 106 / _c Larry J. Goldstein. |
||
| 260 |
_aNew York: _bPearson , _c2010. |
||
| 300 |
_a393 p. ; _c 8.24 x 1.12 x 10.3 inches |
||
| 942 |
_2ddc _cBK |
||
| 999 |
_c616951 _d616951 |
||